000 00479nam a22001577a 4500
005 20250410024902.0
008 250410b |||||||| |||| 00| 0 eng d
020 _a9789556594768
082 _222
_a150
_bMAN
100 _aSomasuntharam, Daya
245 _aManavadu
_bNerukkitin ulavilaivukalum avatrai ethirkolum muraikalaum
260 _aChennai
_bKumaran Book shop
_c1993
300 _aXv, 219 p .,
500 _aPost Traumatic stress Disorders and their Management
942 _cL
999 _c6019
_d6019